000 02981cam a2200661 i 4500
001 xx004875640
003 NUKAT
005 20260427102658.0
008 200602s2020 pl a |001 0dpol c
020 _a9788380988637
_q(oprawa twarda) :
_czł 50,00
035 _a(OCoLC)1241633699
035 _a(NUKAT)xx004875640
040 _aWR U/hp
_bpol
_erda
_cWR U/hp
_dWR U/bk
_dWR U/hps
_dWA 14/PTs
_dOLSZT 008/bak
045 2 _bd1941
_bd1983
046 _k2020
_o1979
_p1983
100 1 _aBenken, Przemysław.
_eAutor
_919239
245 1 0 _aFranciszka Skwierczyńskiego "Tajna kronika" szczecińskiej "Solidarności" w latach 1980-1982 /
_cPrzemysław Benken, Magdalena Dźwigał, Marcin Stefaniak.
260 _aSzczecin ;
_aWarszawa :
_bInstytut Pamięci Narodowej. Komisja Ścigania Zbrodni przeciwko Narodowi Polskiemu. Oddział,
_c2020.
300 _a728 stron :
_bilustracje (w tym kolorowe) ;
_c25 cm.
336 _aTekst
_btxt
_2rdacontent
337 _aBez urządzenia pośredniczącego
_bn
_2rdamedia
338 _aWolumin
_bnc
_2rdacarrier
380 _aKsiążki
380 _aPublikacje naukowe
388 1 _a2001-
490 1 _aCentralny Projekt Badawczy IPN Opozycja i Opór Społeczny w PRL 1956-1989
504 _aBibliografia na stronach 655-658. Indeks.
600 1 7 _aSkwierczyński, Franciszek
_d(1941- ).
_2kaba
_940609
600 1 7 _aSkwierczyński, Franciszek
_d(1941- )
_2DBN
_940610
610 1 7 _aPolska.
_bSłużba Bezpieczeństwa
_y1945-1990.
_2kaba
_914968
610 2 7 _aNiezależny Samorządny Związek Zawodowy "Solidarność".
_bRegion Pomorze Zachodnie.
_2kaba
_940613
610 2 7 _aNSZZ "Solidarność"
_2DBN
_936385
610 2 7 _aSłużba Bezpieczeństwa (SB ; Polska)
_2DBN
_939640
610 2 7 _aRegion Pomorza Zachodniego (NSZZ "Solidarność")
_2DBN
_940612
648 7 _a1901-2000
_2DBN
_934996
648 7 _a1939-1945
_2DBN
_936042
648 7 _a1945-1989
_2DBN
_936043
650 7 _aKonfidenci
_zPolska
_y1945-1990.
_2kaba
_940611
650 7 _aOpozycja polityczna legalna
_2DBN
_940119
650 7 _aOpozycja polityczna nielegalna
_2DBN
_936914
650 7 _aPRL
_2DBN
_935084
650 7 _aTajni współpracownicy służb specjalnych
_2DBN
_939435
651 7 _aPolska
_xpolityka i rządy
_y1945-1990.
_2kaba
_935094
651 7 _aSzczecin (woj. zachodniopomorskie)
_2DBN
_937319
651 7 _aPolska
_2DBN
_935076
655 7 _aAntologia
_2DBN
_934961
655 7 _aDokumenty
_2DBN
_937215
655 7 _aOpracowanie
_2DBN
_935024
655 7 _aWydawnictwo źródłowe
_2DBN
_935066
658 _aBezpieczeństwo i wojskowość
658 _aHistoria
700 1 _aDźwigał, Magdalena.
_eAutor
_914913
700 1 _aStefaniak, Marcin.
_eAutor
_940608
710 2 _aInstytut Pamięci Narodowej - Komisja Ścigania Zbrodni przeciwko Narodowi Polskiemu.
_bOddział (Szczecin).
_eWydawca
_4pbl
_914486
830 0 _aOpozycja i Opór Społeczny w PRL 1956-1989
_940607
920 _a978-83-8098-863-7 (oprawa twarda) : zł 50,00
942 _2ddc
_cBK_NM
999 _c27793
_d27793